000 00312nam a22001457a 4500
008 210531b ||||| |||| 00| 0 eng d
020 _a9780619063214
041 _aeng
080 _a004
082 _a004
100 _a28
101 _aSHKI
245 _aIntroduction to ASP.NET
_cKalata,K
942 _2udc
_cBK
999 _c57837
_d57837